[Event "Mittelfranken-chTB2a 1415"]
[Site "Mittelfranken"]
[Date "2015.01.25"]
[Round "5.4"]
[White "Kelm, Klaus"]
[Black "Drees, Martin"]
[Result "1/2-1/2"]
[WhiteElo "1895"]
[BlackElo "1901"]
[PlyCount "48"]
[EventDate "2014.09.28"]
[EventType "team-tourn"]
[EventRounds "9"]
[EventCountry "GER"]
[SourceTitle "EXT 2020"]
[Source "ChessBase"]
[SourceDate "2019.10.17"]
[SourceVersion "1"]
[SourceVersionDate "2019.10.17"]
[SourceQuality "1"]
[WhiteTeam "Nuernberg NT V"]
[BlackTeam "Cadolzburg"]
[WhiteTeamCountry "GER"]
[BlackTeamCountry "GER"]

1. Nf3 Nf6 2. c4 g6 3. b3 Bg7 4. Bb2 0-0 5. g3 Nc6 6. Bg2 d6 7. 0-0 Bf5 8. d3 Qc8 9. Re1 Re8 10. Nc3 e5 11. Nd5 Nd7 12. e4 Bg4 13. Ne3 Bxf3 14. Bxf3 Nc5 15. Nc2 a5 16. Qd2 Qd8 17. Bg2 Ne6 18. Bc3 Qg5 19. Qxg5 Nxg5 20. h4 Ne6 21. Bh3 Nc5 22. Bf1 Ne6 23. Bh3 Nc5 24. Bf1 Ne6 1/2-1/2

[Event "Mittelfranken-chTB2b 1314"]
[Site "Mittelfranken"]
[Date "2014.01.26"]
[Round "5.6"]
[White "Kelm, Klaus"]
[Black "Wirth, Karl Heinz"]
[Result "1-0"]
[WhiteElo "1895"]
[BlackElo "1792"]
[PlyCount "75"]
[EventDate "2013.10.20"]
[EventType "team-tourn"]
[EventRounds "9"]
[EventCountry "GER"]
[SourceTitle "EXT 2020"]
[Source "ChessBase"]
[SourceDate "2019.10.17"]
[SourceVersion "1"]
[SourceVersionDate "2019.10.17"]
[SourceQuality "1"]
[WhiteTeam "Nuernberg NT IV"]
[BlackTeam "Muehlhof/Schwabach"]
[WhiteTeamCountry "GER"]
[BlackTeamCountry "GER"]

1. d4 Nf6 2. Nf3 c5 3. c3 e6 4. e3 Nc6 5. Bd3 b6 6. Nbd2 Bb7 7. 0-0 Qc7 8. a3 cxd4 9. exd4 g6 10. Re1 Bg7 11. Ne4 Nxe4 12. Bxe4 0-0 13. d5 exd5 14. Bxd5 d6 15. Bf4 Rad8 16. Qd2 Ne5 17. Bxb7 Qxb7 18. Nd4 Rfe8 19. Bg5 f6 20. Bf4 Qd7 21. Rad1 Qa4 22. Qc1 Qa6 23. Qc2 Qc8 24. h3 d5 25. Rd2 Kf7 26. Rde2 Nc4 27. a4 Qd7 28. Rxe8 Rxe8 29. Rxe8 Qxe8 30. b3 Qe1+ 31. Kh2 Ne5 32. Bg3 f5 33. f4 Qe3 34. fxe5 Bxe5 35. Bxe5 Qxe5+ 36. g3 f4 37. Qe2 fxg3+ 38. Kg2 1-0

[Event "Mittelfranken-chTB2a 1213"]
[Site "Germany"]
[Date "2013.01.27"]
[Round "1.8"]
[White "Frank, Werner1111"]
[Black "Kelm, Klaus"]
[Result "1/2-1/2"]
[WhiteElo "2031"]
[BlackElo "1848"]
[PlyCount "103"]
[EventDate "2012.10.07"]
[EventType "team-tourn"]
[EventRounds "9"]
[EventCountry "GER"]
[SourceTitle "EXT 2019"]
[Source "ChessBase"]
[SourceDate "2018.10.10"]
[SourceVersion "1"]
[SourceVersionDate "2018.10.10"]
[SourceQuality "1"]
[WhiteTeam "Heilsbronn"]
[BlackTeam "Nuernberg NT V"]
[WhiteTeamCountry "GER"]
[BlackTeamCountry "GER"]

1. d4 Nf6 2. Bf4 g6 3. e3 Bg7 4. c3 b6 5. Nd2 Bb7 6. Ngf3 0-0 7. Be2 d6 8. 0-0 Nbd7 9. Qc2 c5 10. h3 Rc8 11. Ng5 d5 12. Qd1 h6 13. Ngf3 Ne4 14. Rc1 Ndf6 15. a3 a5 16. Ne5 Nd6 17. Bd3 e6 18. Bh2 b5 19. dxc5 Rxc5 20. Nb3 Rc8 21. Nd4 Qb6 22. Qe2 Nc4 23. Ndf3 Nxe5 24. Nxe5 b4 25. axb4 axb4 26. c4 Rfd8 27. b3 Nd7 28. f4 Nc5 29. Bc2 dxc4 30. Nxc4 Qa7 31. Rfd1 Be4 32. Nd6 Bxc2 33. Nxc8 Bxd1 34. Nxa7 Bxe2 35. Rxc5 Bd3 36. Bg3 Ra8 37. Rc7 Bc3 38. Bf2 Be4 39. Nb5 Ra1+ 40. Kh2 Ra2 41. Nd6 Bd5 42. Kg3 e5 43. f5 Bxb3 44. fxg6 fxg6 45. Ne4 Rc2 46. Nf6+ Kf8 47. Rb7 Bf7 48. e4 b3 49. Bc5+ Kg7 50. Ne8+ Kg8 51. Nf6+ Kg7 52. Ne8+ 1/2-1/2

[Event "Mittelfranken-chTB2a 1112"]
[Site "Germany"]
[Date "2012.03.11"]
[Round "8.4"]
[White "Kelm, Klaus"]
[Black "Koerber, Christian"]
[Result "1/2-1/2"]
[WhiteElo "1848"]
[BlackElo "1652"]
[PlyCount "55"]
[EventDate "2011.09.25"]
[EventType "team-tourn"]
[EventRounds "9"]
[EventCountry "GER"]
[SourceTitle "EXT 2018"]
[Source "ChessBase"]
[SourceDate "2017.10.13"]
[SourceVersion "1"]
[SourceVersionDate "2017.10.13"]
[SourceQuality "1"]
[WhiteTeam "Nuernberg NT V"]
[BlackTeam "Fuerth SF II"]
[WhiteTeamCountry "GER"]
[BlackTeamCountry "GER"]

1. d4 Nf6 2. Nf3 e6 3. Bg5 b6 4. e3 Bb7 5. Bd3 d5 6. Nbd2 Be7 7. 0-0 0-0 8. Ne5 Nbd7 9. f4 c5 10. c3 Ne4 11. Bxe7 Qxe7 12. Nxd7 Qxd7 13. Nf3 f5 14. Ne5 Qc8 15. Bxe4 dxe4 16. Rf2 cxd4 17. cxd4 Qe8 18. Rc1 Rc8 19. Rfc2 Qa4 20. b3 Qb4 21. Rxc8 Rxc8 22. Rxc8+ Bxc8 23. Qc1 Bb7 24. h3 Qd6 25. Qc3 Kf8 26. b4 Ke8 27. a3 Qe7 28. Kh2 1/2-1/2

[Event "Mittelfranken-chTB2a 1112"]
[Site "Germany"]
[Date "2011.12.11"]
[Round "4.6"]
[White "Meyer, Harald"]
[Black "Kelm, Klaus"]
[Result "1/2-1/2"]
[WhiteElo "1730"]
[BlackElo "1910"]
[PlyCount "75"]
[EventDate "2011.09.25"]
[EventType "team-tourn"]
[EventRounds "9"]
[EventCountry "GER"]
[SourceTitle "EXT 2013"]
[Source "ChessBase"]
[SourceDate "2012.11.22"]
[SourceVersion "1"]
[SourceVersionDate "2012.11.22"]
[SourceQuality "1"]
[WhiteTeam "Grossenseebach"]
[BlackTeam "Nuernberg NT V"]
[WhiteTeamCountry "GER"]
[BlackTeamCountry "GER"]

1. Nf3 c5 2. c4 g6 3. Nc3 Bg7 4. g3 e5 5. d3 Ne7 6. Bg2 d6 7. 0-0 Nbc6 8. Bd2 0-0 9. a3 Rb8 10. Rb1 a6 11. b4 cxb4 12. axb4 b5 13. cxb5 axb5 14. e4 h6 15. Qc1 Kh7 16. Kh1 Be6 17. Ng1 Nd4 18. Nge2 Nb3 19. Qd1 Nxd2 20. Qxd2 d5 21. exd5 Nxd5 22. Ne4 f5 23. Nc5 Bg8 24. Rfd1 Re8 25. Nc1 Nb6 26. Bc6 Bd5+ 27. Bxd5 Qxd5+ 28. Kg1 Ra8 29. N1b3 Re7 30. Ra1 Rea7 31. Rxa7 Rxa7 32. Ra1 Rxa1+ 33. Nxa1 Qa8 34. Qc1 Nd5 35. Ne6 Nxb4 36. Nxg7 Kxg7 37. Qc7+ Kg8 38. Qxe5 1/2-1/2

[Event "Mittelfranken-chTB2a 1112"]
[Site "Germany"]
[Date "2011.09.25"]
[Round "1.4"]
[White "Kelm, Klaus"]
[Black "Luther, Helmut"]
[Result "1/2-1/2"]
[WhiteElo "1910"]
[BlackElo "1913"]
[PlyCount "70"]
[EventDate "2011.09.25"]
[EventType "team-tourn"]
[EventRounds "9"]
[EventCountry "GER"]
[SourceTitle "EXT 2013"]
[Source "ChessBase"]
[SourceDate "2012.11.22"]
[SourceVersion "1"]
[SourceVersionDate "2012.11.22"]
[SourceQuality "1"]
[WhiteTeam "Nuernberg NT V"]
[BlackTeam "Nuernberg Sued SW III"]
[WhiteTeamCountry "GER"]
[BlackTeamCountry "GER"]

1. Nf3 d6 2. g3 g6 3. Bg2 Nf6 4. 0-0 Bg7 5. c4 e5 6. Nc3 0-0 7. d3 Nbd7 8. Rb1 Nh5 9. e3 f5 10. Ne1 Ndf6 11. f4 Ng4 12. Nc2 c6 13. Bd2 Re8 14. Ne2 Be6 15. h3 Nh6 16. b3 Qb6 17. Kh2 Rad8 18. Bc3 Bc8 19. Qd2 Qc7 20. b4 b6 21. a4 Bb7 22. a5 bxa5 23. bxa5 Rb8 24. Nb4 exf4 25. exf4 Rxe2 26. Qxe2 Bxc3 27. Nxc6 Bxc6 28. Rxb8+ Qxb8 29. Bxc6 Nf6 30. Rc1 Bd4 31. a6 Nf7 32. Rc2 Qb1 33. Qg2 Kg7 34. Bb5 h5 35. Rd2 Ng8 1/2-1/2

[Event "Mittelfranken-chTB2a 0910"]
[Site "Mittelfranken"]
[Date "2010.01.31"]
[Round "6.4"]
[White "Kelm, Klaus"]
[Black "Sand, Peter"]
[Result "1/2-1/2"]
[WhiteElo "1895"]
[BlackElo "1855"]
[PlyCount "50"]
[EventDate "2009.10.11"]
[EventType "team-tourn"]
[EventRounds "9"]
[EventCountry "GER"]
[SourceTitle "EXT 2011"]
[Source "ChessBase"]
[SourceDate "2010.11.26"]
[SourceVersion "1"]
[SourceVersionDate "2010.11.26"]
[SourceQuality "1"]
[WhiteTeam "Nuernberg NT V"]
[BlackTeam "Fuerth SF II"]
[WhiteTeamCountry "GER"]
[BlackTeamCountry "GER"]

1. Nf3 Nf6 2. g3 g6 3. Bg2 Bg7 4. 0-0 0-0 5. c4 c5 6. Nc3 d6 7. d3 Nc6 8. a3 Bg4 9. Rb1 a5 10. h3 Bd7 11. Kh2 Ne8 12. Bg5 h6 13. Bd2 Kh7 14. Ne1 Nc7 15. Nc2 Qc8 16. b4 axb4 17. axb4 Nxb4 18. Nxb4 cxb4 19. Rxb4 Bc6 20. Nd5 Qd8 21. Nxc7 Qxc7 22. Qb3 Qd7 23. Bc3 Bxc3 24. Qxc3 Ra2 25. Rb2 Rfa8 1/2-1/2

[Event "Mittelfranken-chTB2a 0910"]
[Site "Mittelfranken"]
[Date "2009.12.06"]
[Round "4.4"]
[White "Kelm, Klaus"]
[Black "Walther, Reinhard"]
[Result "1/2-1/2"]
[WhiteElo "1895"]
[BlackElo "1860"]
[PlyCount "88"]
[EventDate "2009.10.11"]
[EventType "team-tourn"]
[EventRounds "9"]
[EventCountry "GER"]
[SourceTitle "EXT 2011"]
[Source "ChessBase"]
[SourceDate "2010.11.26"]
[SourceVersion "1"]
[SourceVersionDate "2010.11.26"]
[SourceQuality "1"]
[WhiteTeam "Nuernberg NT V"]
[BlackTeam "Herzogenaurach"]
[WhiteTeamCountry "GER"]
[BlackTeamCountry "GER"]

1. Nf3 Nf6 2. c4 g6 3. g3 Bg7 4. Bg2 c6 5. 0-0 d5 6. cxd5 cxd5 7. d4 Qb6 8. Nc3 Nc6 9. Na4 Qd8 10. Bf4 Ne4 11. Rc1 0-0 12. h3 h6 13. Nc3 g5 14. Be3 f5 15. Ne5 Nxc3 16. bxc3 e6 17. Nxc6 bxc6 18. f4 Ba6 19. Qd2 Bf6 20. Bf3 Rb8 21. Rf2 Qe7 22. Rg2 Kh7 23. g4 Rg8 24. Kh1 Rg7 25. Rcg1 Rbg8 26. Qc2 Bc8 27. Rh2 gxf4 28. Bxf4 e5 29. dxe5 Bxe5 30. e3 Bxf4 31. exf4 Qe3 32. Rf2 Kh8 33. Qd2 Qxd2 34. Rxd2 fxg4 35. hxg4 Bxg4 36. Bxg4 Rxg4 37. Rxg4 Rxg4 38. Rd4 Kg7 39. c4 Kg6 40. cxd5 cxd5 41. Kh2 h5 42. Kh3 Kf6 43. Rxd5 Rxf4 44. Ra5 Ke6 1/2-1/2

[Event "Mittelfranken-chTB2a 0910"]
[Site "Mittelfranken"]
[Date "2009.10.25"]
[Round "2.5"]
[White "Schneider, Norbert"]
[Black "Kelm, Klaus"]
[Result "0-1"]
[WhiteElo "1801"]
[BlackElo "1895"]
[PlyCount "116"]
[EventDate "2009.10.11"]
[EventType "team-tourn"]
[EventRounds "9"]
[EventCountry "GER"]
[SourceTitle "EXT 2011"]
[Source "ChessBase"]
[SourceDate "2010.11.26"]
[SourceVersion "1"]
[SourceVersionDate "2010.11.26"]
[SourceQuality "1"]
[WhiteTeam "Kirchehrenbach"]
[BlackTeam "Nuernberg NT V"]
[WhiteTeamCountry "GER"]
[BlackTeamCountry "GER"]

1. Nf3 c5 2. Nc3 d5 3. d4 Nf6 4. Bf4 e6 5. e3 Be7 6. Be2 0-0 7. 0-0 b6 8. h3 Bb7 9. Nb5 Nc6 10. a3 Rc8 11. Ne5 Ra8 12. Nxc6 Bxc6 13. Be5 Ne8 14. Rc1 a6 15. Nc3 Bd6 16. Bxd6 Nxd6 17. Nb1 cxd4 18. Qxd4 b5 19. Nd2 Nf5 20. Qf4 Qd6 21. Qxd6 Nxd6 22. Nf3 Rfd8 23. Ne5 Bb7 24. Rfd1 f6 25. Nf3 Kf7 26. Nd4 Rac8 27. f3 e5 28. Nb3 Nc4 29. Bxc4 dxc4 30. Rxd8 Rxd8 31. Na1 Rd2 32. Re1 f5 33. Kf1 a5 34. Re2 Rd1+ 35. Re1 Rd2 36. Re2 Rd1+ 37. Re1 Rd2 38. Re2 Rxe2 39. Kxe2 b4 40. Kd2 Bd5 41. b3 c3+ 42. Kd3 Ke7 43. h4 Kd6 44. Ke2 Bc6 45. g3 Bb5+ 46. Kf2 Ke6 47. Kg2 g6 48. Kf2 h6 49. Ke1 g5 50. a4 Ba6 51. Kf2 Kd5 52. Kg2 g4 53. Kf2 gxf3 54. Kxf3 h5 55. Kg2 Ke4 56. Kf2 Bc8 57. Ke2 Bb7 58. Kf2 Ba6 0-1

[Event "Mittelfrankenliga-B1 0708"]
[Site "Mittelfranken"]
[Date "2008.04.27"]
[Round "9.6"]
[White "Thiele, Heinz"]
[Black "Kelm, Klaus"]
[Result "1/2-1/2"]
[WhiteElo "1978"]
[BlackElo "1923"]
[PlyCount "91"]
[EventDate "2007.10.14"]
[EventType "team-tourn"]
[EventRounds "9"]
[EventCountry "GER"]
[SourceTitle "EXT 2011"]
[Source "ChessBase"]
[SourceDate "2010.11.26"]
[SourceVersion "1"]
[SourceVersionDate "2010.11.26"]
[SourceQuality "1"]
[WhiteTeam "Fuerth SF"]
[BlackTeam "Nuernberg NT IV"]
[WhiteTeamCountry "GER"]
[BlackTeamCountry "GER"]

1. c4 Nf6 2. Nc3 g6 3. g3 Bg7 4. Bg2 e5 5. Nf3 d6 6. d4 Nbd7 7. 0-0 0-0 8. h3 Re8 9. e4 c6 10. Be3 h6 11. Qc2 a5 12. Rfd1 Qe7 13. d5 c5 14. Ne1 Nb8 15. Nd3 Na6 16. a3 Nd7 17. Re1 Nc7 18. Kh2 b6 19. b3 Ba6 20. a4 Kh7 21. Rad1 Rf8 22. Bc1 Rae8 23. Bb2 Bc8 24. Ne2 Na6 25. Nec1 Nb4 26. Nxb4 cxb4 27. Nd3 Nc5 28. Nxc5 bxc5 29. Qc1 Qg5 30. Qa1 Qe7 31. f4 f6 32. Rd2 Rf7 33. Rf2 Ref8 34. f5 gxf5 35. exf5 Rg8 36. Re4 Bf8 37. Qf1 Rfg7 38. Re3 Bd7 39. Be4 Rh8 40. Bc1 h5 41. Qe2 Kg8 42. Bc2 Be8 43. Re4 Rgh7 44. h4 Bh6 45. Bxh6 Rxh6 46. Kg2 1/2-1/2

[Event "Mittelfrankenliga-B1 0708"]
[Site "Mittelfranken"]
[Date "2007.10.14"]
[Round "1.6"]
[White "Krauss, Hermann"]
[Black "Kelm, Klaus"]
[Result "0-1"]
[WhiteElo "1990"]
[BlackElo "1923"]
[PlyCount "68"]
[EventDate "2007.10.14"]
[EventType "team-tourn"]
[EventRounds "9"]
[EventCountry "GER"]
[SourceTitle "EXT 2011"]
[Source "ChessBase"]
[SourceDate "2010.11.26"]
[SourceVersion "1"]
[SourceVersionDate "2010.11.26"]
[SourceQuality "1"]
[WhiteTeam "Nuernberg NT III"]
[BlackTeam "Nuernberg NT IV"]
[WhiteTeamCountry "GER"]
[BlackTeamCountry "GER"]

1. c4 g6 2. d4 Nf6 3. Nf3 Bg7 4. b3 c6 5. Bb2 d5 6. e3 0-0 7. Bd3 b5 8. 0-0 bxc4 9. bxc4 Nbd7 10. Qa4 c5 11. Nbd2 cxd4 12. Bxd4 dxc4 13. Nxc4 Bb7 14. Nfe5 Nxe5 15. Nxe5 Nd5 16. Rac1 Nb6 17. Qb3 Bd5 18. Qa3 Bxe5 19. Bxe5 Bxg2 20. Kxg2 Qd5+ 21. e4 Qxe5 22. f4 Qd4 23. Rc7 Rac8 24. Rfc1 e6 25. Qxa7 Qxd3 26. Qxb6 Qxe4+ 27. Kg3 Rb8 28. Qf2 Rfd8 29. R1c3 Rd4 30. Re3 Qd5 31. Rc2 Rd8 32. Qf3 Qf5 33. Qe2 Qxf4+ 34. Kg2 h5 0-1

[Event "Mittelfrankenliga-B2a 0607"]
[Site "Mittelfranken"]
[Date "2007.01.28"]
[Round "5.5"]
[White "Kelm, Klaus"]
[Black "Churt, Kerstin"]
[Result "1/2-1/2"]
[WhiteElo "1907"]
[BlackElo "1741"]
[PlyCount "57"]
[EventDate "2006.10.22"]
[EventType "team-tourn"]
[EventRounds "9"]
[EventCountry "GER"]
[SourceTitle "EXT 2011"]
[Source "ChessBase"]
[SourceDate "2010.11.26"]
[SourceVersion "1"]
[SourceVersionDate "2010.11.26"]
[SourceQuality "1"]
[WhiteTeam "Nuernberg NT IV"]
[BlackTeam "Altensittenbach II"]
[WhiteTeamCountry "GER"]
[BlackTeamCountry "GER"]

1. c4 e5 2. Nc3 Nf6 3. g3 d5 4. cxd5 Nxd5 5. Bg2 c6 6. Nf3 Nxc3 7. bxc3 e4 8. Nd4 f5 9. d3 exd3 10. exd3 Qe7+ 11. Ne2 g6 12. 0-0 Bg7 13. Re1 0-0 14. Nd4 Qf7 15. Ba3 Re8 16. Qd2 Bd7 17. Rab1 b5 18. Nxb5 cxb5 19. Bxa8 Nc6 20. Rxe8+ Qxe8 21. Bb7 Ne5 22. Bd5+ Be6 23. Bxe6+ Qxe6 24. Qe3 Qxa2 25. Rxb5 Qxa3 26. Rxe5 Bxe5 27. Qxe5 a5 28. Qe8+ Kg7 29. Qe5+ 1/2-1/2

[Event "Mittelfrankenliga-B2b 0506"]
[Site "Germany"]
[Date "2006.04.30"]
[Round "9.6"]
[White "Kelm, Klaus"]
[Black "Mueller, Rudolf2222"]
[Result "1-0"]
[WhiteElo "1881"]
[BlackElo "1870"]
[PlyCount "97"]
[EventDate "2005.10.16"]
[EventType "team"]
[EventRounds "9"]
[EventCountry "GER"]
[SourceTitle "EXT 2007"]
[Source "ChessBase"]
[SourceDate "2006.11.23"]
[SourceVersion "1"]
[SourceVersionDate "2006.11.23"]
[SourceQuality "1"]

1. Nf3 Nf6 2. c4 c5 3. Nc3 Nc6 4. g3 d6 5. Bg2 g6 6. 0-0 Bg7 7. d3 h6 8. Rb1 Bd7 9. a3 a5 10. Nb5 Na7 11. Nxa7 Rxa7 12. b4 axb4 13. axb4 Ba4 14. Qd2 cxb4 15. Qxb4 Bc6 16. Be3 Ra4 17. Qb3 Qa5 18. Nd4 Bxg2 19. Kxg2 e5 20. Nb5 0-0 21. Nxd6 Rb8 22. Bb6 Qa6 23. c5 Rf8 24. Nb5 Ne8 25. Qd5 Kh7 26. Nd6 Nxd6 27. cxd6 Bf6 28. Bc7 Qc6 29. Qxc6 bxc6 30. Rfc1 e4 31. dxe4 Rxe4 32. e3 Bd8 33. Rxc6 Re6 34. Rbc1 f5 35. Kf3 g5 36. h3 h5 37. R6c5 g4+ 38. hxg4 hxg4+ 39. Ke2 Kg6 40. Rd1 Kf6 41. Rdd5 Kg6 42. d7 Ref6 43. Bxd8 Rxd8 44. Rc8 Rff8 45. Rxd8 Rxd8 46. Kd3 Kf6 47. Kd4 Ke6 48. e4 fxe4 49. Kxe4 1-0

[Event "Mittelfranken-chT 0405"]
[Site "Germany"]
[Date "2005.04.17"]
[Round "9.6"]
[White "Schanz, Karlheinz"]
[Black "Kelm, Klaus"]
[Result "0-1"]
[WhiteElo "1808"]
[BlackElo "1861"]
[PlyCount "134"]
[EventDate "2004.10.17"]
[EventType "team"]
[EventRounds "9"]
[EventCountry "GER"]
[SourceTitle "EXT 2007"]
[Source "ChessBase"]
[SourceDate "2006.11.23"]
[SourceVersion "1"]
[SourceVersionDate "2006.11.23"]
[SourceQuality "1"]

1. e4 c5 2. Nf3 d6 3. Nc3 a6 4. a4 Nf6 5. Be2 e5 6. 0-0 Be7 7. d3 0-0 8. Bg5 Be6 9. Nd2 h6 10. Be3 d5 11. exd5 Nxd5 12. Nxd5 Bxd5 13. Bf3 Nc6 14. Bxd5 Qxd5 15. Nc4 Rab8 16. Nb6 Qd8 17. Nc4 b5 18. axb5 axb5 19. Nd2 Qd5 20. Qf3 Qxf3 21. Nxf3 Ra8 22. Rfd1 Rfd8 23. Kf1 f5 24. Rxa8 Rxa8 25. c3 Ra2 26. Rb1 g5 27. Ne1 Kf7 28. Nc2 Ke6 29. Bc1 b4 30. cxb4 cxb4 31. Ne3 Nd4 32. Nc4 f4 33. f3 Bc5 34. Bd2 Nc2 35. Ke2 h5 36. h3 Kf5 37. Rc1 Nd4+ 38. Kf1 Nb3 39. Rb1 Nxd2+ 40. Nxd2 Bd4 41. Nc4 g4 42. hxg4+ hxg4 43. Ke2 Kg5 44. Kd1 Ra7 45. Kc2 Rh7 46. Kb3 g3 47. Re1 Rh2 48. Re2 Bf2 49. Rxe5+ Kf6 50. Re4 Rxg2 51. Rxf4+ Kg5 52. Rg4+ Kf5 53. Nd6+ Ke5 54. Ne4 Be1 55. d4+ Kd5 56. Nf6+ Kd6 57. Ne4+ Kd5 58. Ka4 Rxb2 59. Nxg3 Bxg3 60. Rxg3 Kc4 61. Ka5 Ra2+ 62. Kb6 b3 63. Rg1 Kxd4 64. Kb5 Kc3 65. Rc1+ Rc2 66. Rb1 b2 67. Kc5 Rf2 0-1

[Event "Mittelfranken-chT 0405"]
[Site "Germany"]
[Date "2005.04.03"]
[Round "8.5"]
[White "Lunz, Dieter"]
[Black "Kelm, Klaus"]
[Result "0-1"]
[WhiteElo "1910"]
[BlackElo "1861"]
[PlyCount "44"]
[EventDate "2004.10.17"]
[EventType "team"]
[EventRounds "9"]
[EventCountry "GER"]
[SourceTitle "EXT 2007"]
[Source "ChessBase"]
[SourceDate "2006.11.23"]
[SourceVersion "1"]
[SourceVersionDate "2006.11.23"]
[SourceQuality "1"]

1. e4 c5 2. c3 Nf6 3. e5 Nd5 4. d4 cxd4 5. cxd4 d6 6. Nf3 Nc6 7. exd6 Qxd6 8. Be2 e6 9. 0-0 Be7 10. Nc3 Nxc3 11. bxc3 0-0 12. Bd3 Bf6 13. Ng5 Bxg5 14. Bxg5 Ne7 15. Rb1 Ng6 16. Be4 a6 17. Bxb7 Bxb7 18. Rxb7 Qd5 19. Qf3 Qxg5 20. Rxf7 Nf4 21. Rxf8+ Rxf8 22. Qe4 Nh3+ 0-1

[Event "Mittelfranken-chT 0405"]
[Site "Germany"]
[Date "2005.02.27"]
[Round "6.7"]
[White "Hintyes, Helmuth"]
[Black "Kelm, Klaus"]
[Result "1/2-1/2"]
[WhiteElo "1792"]
[BlackElo "1861"]
[PlyCount "81"]
[EventDate "2004.10.17"]
[EventType "team"]
[EventRounds "9"]
[EventCountry "GER"]
[SourceTitle "EXT 2007"]
[Source "ChessBase"]
[SourceDate "2006.11.23"]
[SourceVersion "1"]
[SourceVersionDate "2006.11.23"]
[SourceQuality "1"]

1. c4 g6 2. d4 Nf6 3. Nc3 Bg7 4. e4 d6 5. Bd3 e5 6. d5 0-0 7. Nge2 c6 8. Bg5 h6 9. Bh4 Nbd7 10. 0-0 Nc5 11. b4 Nxd3 12. Qxd3 g5 13. Bg3 Nxe4 14. Qxe4 f5 15. Qd3 f4 16. dxc6 bxc6 17. Rad1 Be6 18. Ne4 d5 19. cxd5 cxd5 20. Nc5 Bf7 21. f3 fxg3 22. Nxg3 Qb6 23. a3 Rad8 24. Nf5 Rfe8 25. Nxg7 Kxg7 26. Rfe1 Re7 27. Qa6 Rde8 28. Qxb6 axb6 29. Na4 Rb8 30. Nc3 d4 31. Ne4 Ra8 32. Nd6 Re6 33. Nb5 Rc8 34. Rc1 Rxc1 35. Rxc1 Kf6 36. a4 d3 37. Rd1 Bg6 38. Nc3 e4 39. fxe4 Bxe4 40. a5 bxa5 41. bxa5 1/2-1/2